NFL All-Time Rushing Yard Leaders - Statistics

General Stats
  • This quiz has been taken 58 times
  • The average score is 13 of 20
Answer Stats
Rank Team Yards Answer % Correct
#4 Detroit 15,269 Barry Sanders
100%
#1 2TM 18,355 Emmitt Smith
98%
#2 Chicago 16,726 Walter Payton
98%
#5 7TM 14,918 Adrian Peterson
87%
#11 Cleveland 12,312 Jim Brown
87%
#7 2TM 13,684 LaDainian Tomlinson
78%
#3 5TM 16,000 Frank Gore
76%
#12 2TM * 12,294 Derrick Henry
74%
#9 2TM 13,259 Eric Dickerson
67%
#13 2TM 12,279 Marshall Faulk
65%
#8 2TM 13,662 Jerome Bettis
61%
#6 2TM 14,101 Curtis Martin
59%
#16 2TM 12,120 Franco Harris
52%
#19 3TM 11,428 Steven Jackson
52%
#17 2TM 12,074 Thurman Thomas
46%
#14 3TM 12,246 Edgerrin James
43%
#10 2TM 12,739 Tony Dorsett
43%
#15 2TM 12,243 Marcus Allen
41%
#18 2TM 11,695 Fred Taylor
33%
#20 2TM 11,352 John Riggins
28%
No matching quizzes found
Score Distribution
Percent of People with Each Score
Percentile by Number Answered
Your Score History
You have not taken this quiz